00331nam a22000977a 450000500170000000800410001708200170005824500990007526000390017465000200021320250606034350.0250606b |||||||| |||| 00| 0 eng d 222a305bJAN aJanamathiyawethiyin santha lama hithin ha lamun pilibantha wartha kirima pilbantha punu modiul aNawalabKantha shakthi Publication aChildren Rights